| 000 | 00510nam a2200169 a 4500 | ||
|---|---|---|---|
| 005 | 20140412111302.0 | ||
| 008 | 010131s19uu xx 00 eng d | ||
| 020 | _a971-508-017-0 | ||
| 050 |
_aFil E _bLu96 1995 |
||
| 100 | _aLee, Marcy Dans | ||
| 245 |
_aLuis and the enchanted creatures / _cStory and picture by by Marcy Dans Lee. |
||
| 260 |
_aQuezon City : _bAdarna Books Services, _c1995. |
||
| 300 | _a1 v. (unp.) ; ill. | ||
| 440 | _aAdarna Books | ||
| 650 |
_aFolklore _xPhilippine |
||
| 999 |
_c103446 _d103446 |
||